[Event "FICS rated blitz game"]
[Site "FICS freechess.org"]
[Date "2018.01.28"]
[Round "?"]
[White "SargonV"]
[Black "Lostbishop"]
[Result "1-0"]
[WhiteElo "1528"]
[BlackElo "1390"]
[PlyCount "67"]
[EventDate "2018.??.??"]
[EventType "blitz"]

1. e4 e5 2. Nf3 Nc6 3. c3 Nf6 4. d4 d6 5. Bb5 Bd7 6. d5 Ne7 7. Bxd7+ Qxd7 8.
O-O Nxe4 9. Re1 Nf6 10. c4 Ng6 11. Nc3 Be7 12. c5 O-O 13. b4 Rfe8 14. h3 Bf8
15. Be3 e4 16. Nd4 Ne5 17. Rc1 dxc5 18. bxc5 Bxc5 19. Nxe4 Bb4 20. Nxf6+ gxf6
21. Rf1 Qxd5 22. Bh6 Bf8 23. Nf5 Qxd1 24. Rfxd1 c6 25. f4 Ng6 26. Rd7 Bxh6 27.
Nxh6+ Kh8 28. Nxf7+ Kg8 29. Nh6+ Kh8 30. Rxb7 Nxf4 31. Rxc6 Re1+ 32. Kh2 Re2
33. Rcc7 Rxg2+ 34. Kh1 {Black resigns} 1-0

[Event "FICS rated standard game"]
[Site "FICS freechess.org"]
[Date "2018.01.28"]
[Round "?"]
[White "louarn"]
[Black "hamzakheyl"]
[Result "1-0"]
[WhiteElo "1392"]
[BlackElo "1492"]
[PlyCount "60"]
[EventDate "2018.??.??"]

1. e4 e5 2. Nf3 Nc6 3. c3 Bc5 4. d4 exd4 5. cxd4 Bb4+ 6. Bd2 Bxd2+ 7. Nbxd2 d6
8. Bc4 Bg4 9. O-O Nge7 10. b3 Nxd4 11. Be2 Nxe2+ 12. Qxe2 Qd7 13. Rac1 O-O-O
14. Qc4 Nc6 15. Rfd1 Kb8 16. b4 Bxf3 17. Nxf3 Ne7 18. Ne5 dxe5 19. Rxd7 Rxd7
20. Qxf7 Rhd8 21. h4 Ng6 22. Qc4 Nxh4 23. g3 Nf3+ 24. Kg2 Ng5 25. a4 a6 26. b5
Rd4 27. Qxc7+ Ka8 28. bxa6 bxa6 29. Qc6+ Kb8 30. Qxa6 Rb4 {Black resigns} 1-0

[Event "FICS rated blitz game"]
[Site "FICS freechess.org"]
[Date "2018.01.28"]
[Round "?"]
[White "jacab"]
[Black "SomanNair"]
[Result "0-1"]
[WhiteElo "1589"]
[BlackElo "1533"]
[PlyCount "70"]
[EventDate "2018.??.??"]
[EventType "blitz"]

1. e4 e5 2. Nf3 Nc6 3. c3 Be7 4. d4 exd4 5. cxd4 d5 6. e5 Bg4 7. Bb5 a6 8.
Bxc6+ bxc6 9. h3 Bh5 10. g4 Bg6 11. Nc3 Bb4 12. Bd2 Bxc3 13. bxc3 h6 14. a4 Rb8
15. O-O Ne7 16. Qe2 Be4 17. Nh2 Qd7 18. f3 Bh7 19. f4 Be4 20. f5 h5 21. Rab1
Bxb1 22. f6 gxf6 23. exf6 hxg4 24. hxg4 Be4 25. fxe7 Qxe7 26. Qf2 Bg6 27. Re1
Be4 28. g5 Qe6 29. Qf6 Qxf6 30. gxf6 Kd7 31. Ng4 Rbg8 32. Kf2 Rxg4 33. Rg1 Rh2+
34. Kf1 Bd3+ 35. Ke1 Rxg1# {White checkmated} 0-1

[Event "FICS rated blitz game"]
[Site "FICS freechess.org"]
[Date "2018.01.28"]
[Round "?"]
[White "morts"]
[Black "sdarjee"]
[Result "0-1"]
[WhiteElo "1199"]
[BlackElo "1214"]
[PlyCount "40"]
[EventDate "2018.??.??"]
[EventType "blitz"]

1. e4 e5 2. Nf3 Nc6 3. c3 d5 4. exd5 Qxd5 5. Be2 e4 6. Ng1 f5 7. d3 exd3 8.
Bxd3 Nf6 9. Nf3 Be7 10. O-O O-O 11. Nbd2 Kh8 12. Nb3 Be6 13. c4 Qd7 14. Bf4 a6
15. Ne5 Nxe5 16. Bxe5 Rad8 17. Nc1 Ng4 18. Bf4 Bd6 19. Bxd6 Qxd6 20. Qb3 Qxh2#
{White checkmated} 0-1

[Event "FICS rated standard game"]
[Site "FICS freechess.org"]
[Date "2018.01.28"]
[Round "?"]
[White "proximab"]
[Black "thejaswi"]
[Result "1-0"]
[WhiteElo "2166"]
[BlackElo "1560"]
[PlyCount "47"]
[EventDate "2018.??.??"]

1. e4 e5 2. Nf3 Nc6 3. c3 Bc5 4. b4 Bb6 5. b5 Na5 6. d4 c6 7. dxe5 cxb5 8. Bxb5
Bxf2+ 9. Kxf2 Qb6+ 10. Nd4 Nh6 11. Qf3 Nc6 12. Bxc6 dxc6 13. Bxh6 gxh6 14. Nd2
Be6 15. Rab1 Qc5 16. Rxb7 Qxe5 17. Re7+ Kxe7 18. Nxc6+ Kd6 19. Nxe5 Kxe5 20.
Qh5+ Kd6 21. Nf3 Rac8 22. Qxh6 Rc5 23. Ng5 Rxc3 24. Nxf7+ {Black resigns} 1-0

[Event "FICS rated blitz game"]
[Site "FICS freechess.org"]
[Date "2018.01.28"]
[Round "?"]
[White "gunilla"]
[Black "mannyfortaguez"]
[Result "0-1"]
[WhiteElo "1202"]
[BlackElo "1678"]
[PlyCount "74"]
[EventDate "2018.??.??"]
[EventType "blitz"]

1. e4 e5 2. Nf3 Nc6 3. c3 d5 4. exd5 Qxd5 5. c4 Qe6 6. d3 Nf6 7. h3 Bc5 8. Be2
O-O 9. O-O Nd4 10. Nxd4 Bxd4 11. Nc3 c6 12. Be3 Re8 13. Bxd4 exd4 14. Ne4 Nxe4
15. dxe4 Qxe4 16. Bf3 Qh4 17. Bg4 Bxg4 18. Qxg4 Qxg4 19. hxg4 Re2 20. b3 c5 21.
a3 a5 22. a4 Rae8 23. g3 f6 24. f3 Rb2 25. Rfb1 Ree2 26. Rxb2 Rxb2 27. Re1 Rxb3
28. Kg2 Kf7 29. f4 Rc3 30. g5 Rxc4 31. Rb1 Rb4 32. gxf6 Rxb1 33. fxg7 c4 34. g4
c3 35. f5 d3 36. g5 c2 37. f6 c1=Q {White resigns} 0-1

[Event "FICS rated blitz game"]
[Site "FICS freechess.org"]
[Date "2018.01.28"]
[Round "?"]
[White "fusjstone"]
[Black "UncleMeat"]
[Result "1-0"]
[WhiteElo "1669"]
[BlackElo "1678"]
[PlyCount "87"]
[EventDate "2018.??.??"]
[EventType "blitz"]

1. e4 e5 2. Nf3 Nc6 3. c3 Bc5 4. d4 exd4 5. cxd4 Bb6 6. Nc3 d6 7. d5 Ne5 8. Nd4
Ne7 9. Bb5+ Bd7 10. Bxd7+ Qxd7 11. O-O O-O 12. Kh1 f5 13. Ne6 Rf6 14. Bg5 Rg6
15. Bxe7 Qxe7 16. exf5 Rh6 17. f4 Qh4 18. h3 Nc4 19. Qe2 Ne3 20. Rf3 Nxf5 21.
Qe1 Qh5 22. Ng5 Rf8 23. Nce4 Rg6 24. Ne6 Re8 25. N4g5 h6 26. g4 Rgxe6 27. dxe6
Qg6 28. gxf5 Qxf5 29. Qe4 g6 30. Qxf5 gxf5 31. Nf7 Rxe6 32. Nd8 Re2 33. Nxb7
Rxb2 34. Nd8 Rf2 35. Rxf2 Bxf2 36. Rf1 Bc5 37. Ne6 Kf7 38. Nxc7 Kg6 39. Nd5 Kh5
40. Nc3 Kh4 41. Kg2 h5 42. Ne2 Be3 43. Ng3 Bd2 44. Nxf5# {Black checkmated} 1-0

[Event "FICS rated blitz game"]
[Site "FICS freechess.org"]
[Date "2018.01.28"]
[Round "?"]
[White "lopencjo"]
[Black "yuripn"]
[Result "1-0"]
[WhiteElo "1870"]
[BlackElo "1797"]
[PlyCount "91"]
[EventDate "2018.??.??"]
[EventType "blitz"]

1. e4 e5 2. Nf3 Nc6 3. c3 Bc5 4. d4 exd4 5. cxd4 Bb6 6. d5 Nce7 7. d6 Nc6 8.
Bc4 cxd6 9. Qxd6 Qe7 10. e5 Ba5+ 11. Nc3 Bb4 12. Qd5 Nf6 13. Qd3 Nxe5 14. Nxe5
Qxe5+ 15. Kd1 Bxc3 16. bxc3 O-O 17. Re1 Qxh2 18. Kc2 a6 19. Be3 b5 20. Bb3 Qxg2
21. Bd4 Qg6 22. Rg1 Qxd3+ 23. Kxd3 Nh5 24. Rg5 g6 25. Rag1 Ng7 26. Bd5 Rb8 27.
Ba7 Bb7 28. Bxb8 Rxb8 29. Bb3 d5 30. Re1 a5 31. Re7 a4 32. Bxd5 Rd8 33. Ke4
Bxd5+ 34. Rxd5 Rc8 35. Rdd7 Ne6 36. Kf3 Rxc3+ 37. Kg2 Nf4+ 38. Kg1 Nh3+ 39. Kh2
Ng5 40. f4 Ne6 41. Rxf7 Rc2+ 42. Kg1 Rxa2 43. Rfe7 Re2 44. Rd8+ Nf8 45. Rxe2
Kg7 46. Ree8 1-0

[Event "FICS rated blitz game"]
[Site "FICS freechess.org"]
[Date "2018.01.28"]
[Round "?"]
[White "capricornus"]
[Black "dreamscometrue"]
[Result "0-1"]
[WhiteElo "1310"]
[BlackElo "1365"]
[PlyCount "122"]
[EventDate "2018.??.??"]
[EventType "blitz"]

1. e4 e5 2. Nf3 Nc6 3. c3 Nf6 4. d3 d6 5. b4 Bg4 6. Be2 Be7 7. Nbd2 O-O 8. Bb2
Re8 9. b5 Nb8 10. O-O Nbd7 11. c4 Nc5 12. a4 h6 13. Qc2 Nh7 14. d4 exd4 15.
Bxd4 Ne6 16. Be3 Nc5 17. Bxc5 dxc5 18. Bd3 Ng5 19. Nxg5 Bxg5 20. f3 Be3+ 21.
Kh1 Be6 22. Nb3 b6 23. Rfe1 Bd4 24. Rad1 Qf6 25. e5 Bxe5 26. Rd2 Bd6 27. Rde2
Red8 28. Be4 Rab8 29. Bd5 Bf5 30. Qd2 Qh4 31. g3 Bxg3 32. Re7 Bxe1 33. Qxe1
Qxe1+ 34. Rxe1 Re8 35. Rxe8+ Rxe8 36. a5 Bh3 37. Kg1 Re3 38. Nd2 bxa5 39. Kf2
Ra3 40. Ne4 Be6 41. Bxe6 fxe6 42. Nxc5 e5 43. Nd7 Ra2+ 44. Kg3 Re2 45. Nc5 Rc2
46. Nd3 Rxc4 47. Nxe5 Rb4 48. Nc6 Rxb5 49. h4 a4 50. Nxa7 Ra5 51. Nc6 Ra8 52.
Nb4 a3 53. Na2 Rb8 54. Kf4 Rb2 55. Nc3 a2 56. Nxa2 Rxa2 57. Kf5 Rd2 58. f4 c6
59. Ke4 c5 60. Ke3 Rd8 61. f5 c4 {White resigns} 0-1

[Event "FICS rated blitz game"]
[Site "FICS freechess.org"]
[Date "2018.01.28"]
[Round "?"]
[White "TheOffice"]
[Black "bodensee"]
[Result "1-0"]
[WhiteElo "1912"]
[BlackElo "1789"]
[PlyCount "57"]
[EventDate "2018.??.??"]
[EventType "blitz"]

1. e4 e5 2. Nf3 Nc6 3. c3 Bc5 4. d4 exd4 5. cxd4 Bb4+ 6. Nc3 Nf6 7. Qc2 O-O 8.
Bd3 d6 9. a3 Ba5 10. b4 Bb6 11. Be3 Bg4 12. O-O Bxf3 13. gxf3 Bxd4 14. Rab1 Qd7
15. Bb5 Bb6 16. Ne2 Qh3 17. Ng3 Bxe3 18. Bxc6 bxc6 19. fxe3 Qd7 20. Rbc1 a5 21.
Qxc6 Qxc6 22. Rxc6 axb4 23. axb4 Rfc8 24. b5 Rab8 25. Rfc1 Ne8 26. b6 Rb7 27.
Nf5 g6 28. Ne7+ Kg7 29. Nxc8 {Black resigns} 1-0

[Event "FICS rated blitz game"]
[Site "FICS freechess.org"]
[Date "2018.01.28"]
[Round "?"]
[White "jbuky"]
[Black "TundraWalker"]
[Result "0-1"]
[WhiteElo "1405"]
[BlackElo "1544"]
[PlyCount "82"]
[EventDate "2018.??.??"]
[EventType "blitz"]

1. e4 e5 2. Nf3 Nc6 3. c3 d5 4. Qa4 Nf6 5. Nxe5 Bd7 6. Nxd7 Qxd7 7. exd5 Nxd5
8. Qe4+ Be7 9. d4 O-O 10. Bd3 f5 11. Qf3 Rae8 12. O-O f4 13. Bc4 Rd8 14. Nd2
Kh8 15. Bxd5 Qxd5 16. Qxd5 Rxd5 17. Nf3 g5 18. h3 h5 19. Re1 g4 20. hxg4 hxg4
21. Ne5 Nxe5 22. Rxe5 Rxe5 23. dxe5 Kg7 24. Bd2 Kg6 25. Re1 Kf5 26. f3 Bc5+ 27.
Kf1 g3 28. Re4 Kg5 29. c4 Bf2 30. Bb4 Rf5 31. Be1 Bc5 32. Bd2 Bf2 33. Bc3 Be3
34. Ke2 Kg6 35. Bd4 Bxd4 36. Rxd4 Rxe5+ 37. Re4 Rxe4+ 38. fxe4 Kf6 39. Kf3 Ke5
40. b3 c5 41. a3 a5 {White resigns} 0-1

[Event "FICS rated blitz game"]
[Site "FICS freechess.org"]
[Date "2018.01.28"]
[Round "?"]
[White "Fomby"]
[Black "jcoll"]
[Result "0-1"]
[WhiteElo "1451"]
[BlackElo "1446"]
[PlyCount "80"]
[EventDate "2018.??.??"]
[EventType "blitz"]

1. e4 e5 2. Nf3 Nc6 3. c3 f5 4. exf5 d5 5. Qb3 Nf6 6. Bb5 Bxf5 7. Bxc6+ bxc6 8.
Nxe5 Bd6 9. d4 O-O 10. O-O Bxe5 11. dxe5 Ne4 12. Nd2 Rb8 13. Qd1 Qh4 14. Nxe4
Bxe4 15. f3 Bg6 16. Qe1 Qc4 17. Bg5 Rxb2 18. e6 Re8 19. e7 h6 20. Bh4 Re2 21.
Qg3 Bd3 22. Bf6 R2xe7 23. Bxe7 Rxe7 24. Rfe1 Qc5+ 25. Kh1 Rxe1+ 26. Rxe1 Qxc3
27. Re8+ Kh7 28. h3 Bg6 29. Qxc7 Bxe8 30. Qe7 Bg6 31. Qxa7 c5 32. a4 d4 33. a5
d3 34. Qd7 d2 35. a6 Qc1+ 36. Kh2 d1=Q 37. a7 Qxd7 38. a8=Q Qg5 39. Qa7 Qdd2
40. Qxc5 Qdxg2# {White checkmated} 0-1

[Event "FICS rated blitz game"]
[Site "FICS freechess.org"]
[Date "2018.01.28"]
[Round "?"]
[White "proximab"]
[Black "Evashree"]
[Result "1-0"]
[WhiteElo "2077"]
[BlackElo "1655"]
[PlyCount "103"]
[EventDate "2018.??.??"]
[EventType "blitz"]

1. e4 e5 2. Nf3 Nc6 3. c3 Bc5 4. d4 exd4 5. cxd4 Bb6 6. d5 Nce7 7. Bg5 Nf6 8.
Bxf6 gxf6 9. Nc3 Ng6 10. Qd2 Qe7 11. O-O-O d6 12. h3 Bd7 13. Nd4 O-O-O 14. Qe3
Kb8 15. Bb5 Bxb5 16. Ncxb5 a6 17. Nc3 Ne5 18. b3 Rde8 19. Qd2 Qd7 20. f4 Ng6
21. f5 Nf8 22. a3 Bxd4 23. Qxd4 Qe7 24. Qd3 Nd7 25. b4 Ne5 26. Qd4 c5 27. dxc6
Nxc6 28. Qxd6+ Qxd6 29. Rxd6 Rhg8 30. g4 Ne5 31. Rxf6 Rg7 32. b5 Nc4 33. bxa6
Nxa3 34. Rb6 Rc8 35. Rxb7+ Ka8 36. Rb3 Nb5 37. Rxb5 Rxc3+ 38. Kb2 Rc7 39. Rd1
Ka7 40. Rd6 Rg8 41. e5 Rb8 42. Rxb8 Kxb8 43. Kb3 Ka7 44. e6 fxe6 45. fxe6 Re7
46. Rd7+ Rxd7 47. exd7 Kxa6 48. d8=Q Kb5 49. Qc7 Ka6 50. Kc4 h6 51. Kc5 h5 52.
Qb6# {Black checkmated} 1-0

[Event "FICS rated blitz game"]
[Site "FICS freechess.org"]
[Date "2018.01.28"]
[Round "?"]
[White "SomanNair"]
[Black "gerardo"]
[Result "1-0"]
[WhiteElo "1516"]
[BlackElo "1629"]
[PlyCount "85"]
[EventDate "2018.??.??"]
[EventType "blitz"]

1. e4 e5 2. Nf3 Nc6 3. c3 Be7 4. Bb5 d6 5. d4 exd4 6. cxd4 Bd7 7. Bxc6 bxc6 8.
Bf4 Nf6 9. Nbd2 O-O 10. O-O Rb8 11. b3 Bg4 12. h3 Bh5 13. g4 Bg6 14. Re1 h6 15.
g5 hxg5 16. Bxg5 Qd7 17. Kh2 Nh5 18. Bxe7 Qxe7 19. Rg1 Nf4 20. Ng5 Qf6 21. Ndf3
Rbe8 22. e5 dxe5 23. dxe5 Rxe5 24. Nxe5 Qxe5 25. Rg3 Ne2 26. Nf3 Qe8 27. Rg5
Nf4 28. Qd2 Qe7 29. Qxf4 Rd8 30. Rag1 Rd3 31. Ne5 Qe6 32. Nxd3 Bxd3 33. Rxg7+
Kf8 34. Rg8+ Ke7 35. Qxc7+ Qd7 36. Qe5+ Qe6 37. Qxe6+ Kxe6 38. Re1+ Kf6 39. Rd8
Bf5 40. Rd6+ Be6 41. Rxc6 a5 42. Rb6 Kf5 43. Ra6 {Black resigns} 1-0

[Event "FICS rated blitz game"]
[Site "FICS freechess.org"]
[Date "2018.01.28"]
[Round "?"]
[White "gunilla"]
[Black "ycq"]
[Result "1-0"]
[WhiteElo "1208"]
[BlackElo "1210"]
[PlyCount "59"]
[EventDate "2018.??.??"]
[EventType "blitz"]

1. e4 e5 2. Nf3 Nc6 3. c3 d6 4. d4 exd4 5. cxd4 Bd7 6. d5 Nb8 7. Be2 Be7 8. Nc3
Nf6 9. h3 O-O 10. Nh2 h6 11. O-O Nh7 12. Bg4 Bf6 13. Bxd7 Nxd7 14. f4 Nc5 15.
Ng4 Nxe4 16. Nxe4 Bd4+ 17. Kh1 Bc5 18. f5 Ng5 19. Nxg5 hxg5 20. Qf3 f6 21. Be3
Bxe3 22. Nxe3 Re8 23. Rae1 Rf8 24. b3 Qd7 25. Qg4 Kf7 26. h4 gxh4 27. Qg6+ Ke7
28. Qxg7+ Rf7 29. Ng4+ Kd8 30. Qg8+ {Black resigns} 1-0

[Event "FICS rated blitz game"]
[Site "FICS freechess.org"]
[Date "2018.01.28"]
[Round "?"]
[White "BiH"]
[Black "MoosMutz"]
[Result "0-1"]
[WhiteElo "1595"]
[BlackElo "1769"]
[PlyCount "138"]
[EventDate "2018.??.??"]
[EventType "blitz"]

1. e4 e5 2. Nf3 Nc6 3. c3 Nf6 4. d4 exd4 5. e5 Nd5 6. cxd4 d6 7. Bb5 Bd7 8. Nc3
Nxc3 9. bxc3 a6 10. Bd3 Be7 11. h3 O-O 12. O-O dxe5 13. d5 Nb8 14. Nxe5 Bd6 15.
Nxd7 Nxd7 16. c4 Nf6 17. Bg5 b6 18. Re1 h6 19. Bh4 g5 20. Bg3 Qd7 21. Qf3 Kg7
22. Be5 Bxe5 23. Rxe5 Rae8 24. Rf5 Qe7 25. Rd1 Nd7 26. Qh5 Nc5 27. Bb1 Qd6 28.
Rxg5+ hxg5 29. Qxg5+ Kh8 30. Qh5+ Kg7 31. Qg5+ Kh8 32. Qh5+ Kg7 33. Qg5+ Kh8
34. Qh5+ Kg7 35. Qg5+ Kh8 36. Qh5+ Kg7 37. Qg5+ Kh8 38. Qh5+ Kg7 39. Qg5+ Kh8
40. Qh5+ Kg7 41. Qg5+ Kh8 42. Qh5+ Kg7 43. Qg5+ Kh8 44. Qh5+ Kg7 45. Qg5+ Kh8
46. Qh5+ Kg7 47. Qg5+ Kh8 48. Qh5+ Kg7 49. Qg5+ Kh8 50. Qh5+ Kg7 51. Qg5+ Kh8
52. Qh5+ Kg7 53. Qg5+ Kh8 54. Qh5+ Kg7 55. Qg5+ Kh8 56. Qh5+ Kg7 57. Qg5+ Kh8
58. Qh5+ Kg7 59. Qg5+ Kh8 60. f4 Ne4 61. Qh5+ Kg7 62. f5 Qh6 63. Qg4+ Ng5 64.
h4 f6 65. Rf1 Re3 66. hxg5 Qxg5 67. Qd4 Rfe8 68. d6 cxd6 69. Qxd6 Re2 0-1

[Event "FICS rated blitz game"]
[Site "FICS freechess.org"]
[Date "2018.01.28"]
[Round "?"]
[White "capricornus"]
[Black "prnaik"]
[Result "0-1"]
[WhiteElo "1312"]
[BlackElo "1409"]
[PlyCount "134"]
[EventDate "2018.??.??"]
[EventType "blitz"]

1. e4 e5 2. Nf3 Nc6 3. c3 Nf6 4. d3 d5 5. exd5 Nxd5 6. Be2 Bd6 7. b4 a6 8. a4
Bd7 9. O-O O-O 10. Qb3 Be6 11. Qb2 h6 12. Bd2 Nf4 13. Bxf4 exf4 14. b5 axb5 15.
axb5 Rxa1 16. Qxa1 Ne7 17. c4 Bc5 18. Nbd2 Nf5 19. Nb3 Be7 20. d4 Bf6 21. Qd1
Bc8 22. d5 Re8 23. Bd3 Nd6 24. Qc2 Bg4 25. Nfd4 Qc8 26. f3 Bh5 27. Nf5 Nxf5 28.
Bxf5 Qd8 29. Nc5 Bd4+ 30. Kh1 Bxc5 31. Rd1 Qg5 32. Be4 Bg6 33. Bxg6 Qxg6 34.
Qxg6 fxg6 35. h3 Re2 36. Kh2 Rc2 37. d6 cxd6 38. b6 Rxc4 39. h4 Rd4 40. Re1
Bxb6 41. Re8+ Kf7 42. Rb8 Rb4 43. Rxb7+ Kf6 44. Rd7 Bc5 45. g3 Rb2+ 46. Kh3
fxg3 47. Kxg3 g5 48. hxg5+ hxg5 49. Rc7 g6 50. f4 Rb3+ 51. Kg4 Rb4 52. Rc8
Rxf4+ 53. Kg3 Kg7 54. Rc7+ Kh6 55. Rc8 Bd4 56. Rd8 Be5 57. Ra8 Rf1+ 58. Kg2 Rf7
59. Ra3 g4 60. Ra4 Kg5 61. Rc4 g3 62. Kh3 Rf4 63. Rxf4 Bxf4 64. Kg2 d5 65. Kf3
Kf5 66. Kg2 d4 67. Kf3 d3 {White resigns} 0-1

[Event "FICS rated blitz game"]
[Site "FICS freechess.org"]
[Date "2018.01.28"]
[Round "?"]
[White "Tensecterror"]
[Black "forqueray"]
[Result "0-1"]
[WhiteElo "1319"]
[BlackElo "1299"]
[PlyCount "66"]
[EventDate "2018.??.??"]
[EventType "blitz"]

1. e4 e5 2. Nf3 Nc6 3. c3 d6 4. d4 exd4 5. cxd4 Be7 6. d5 Nb8 7. Bb5+ Bd7 8.
Bxd7+ Nxd7 9. O-O Ngf6 10. Re1 O-O 11. Nc3 h6 12. h3 Nh7 13. e5 dxe5 14. Nxe5
Nxe5 15. Rxe5 Bd6 16. Re1 Bc5 17. Qg4 Kh8 18. Bd2 f5 19. Qf3 Qf6 20. Re6 Qh4
21. Rae1 Ng5 22. Rxh6+ Qxh6 23. Qf4 Nxh3+ 24. gxh3 Qxh3 25. Re3 Bxe3 26. Bxe3
Rf6 27. Qg5 Kh7 28. f3 Rg6 29. Kf2 Rxg5 30. Bxg5 Qh2+ 31. Ke3 Re8+ 32. Kd4 Qg1+
33. Kc4 Qxg5 {White resigns} 0-1

[Event "FICS rated blitz game"]
[Site "FICS freechess.org"]
[Date "2018.01.28"]
[Round "?"]
[White "proximab"]
[Black "Akshaykumar"]
[Result "1-0"]
[WhiteElo "2075"]
[BlackElo "1343"]
[PlyCount "39"]
[EventDate "2018.??.??"]
[EventType "blitz"]

1. e4 e5 2. Nf3 Nc6 3. c3 Nf6 4. d4 exd4 5. e5 Ng4 6. cxd4 Bb4+ 7. Bd2 O-O 8.
h3 Ngxe5 9. dxe5 Bxd2+ 10. Qxd2 Re8 11. Qe3 d5 12. Bb5 d4 13. Qf4 Nb4 14. Na3
Re6 15. Bc4 Rf6 16. exf6 gxf6 17. Nxd4 Be6 18. Nxe6 Qd4 19. Qg3+ Kh8 20. Qg7# {
Black checkmated} 1-0

[Event "FICS rated blitz game"]
[Site "FICS freechess.org"]
[Date "2018.01.28"]
[Round "?"]
[White "admnoite"]
[Black "HSKHKU"]
[Result "0-1"]
[WhiteElo "1521"]
[BlackElo "1507"]
[PlyCount "116"]
[EventDate "2018.??.??"]
[EventType "blitz"]

1. e4 e5 2. Nf3 Nc6 3. c3 h6 4. b4 a6 5. a4 d6 6. Bb2 Nf6 7. Qb3 Nxe4 8. d3 Nf6
9. h3 Be6 10. c4 Nd4 11. Bxd4 exd4 12. Nxd4 Be7 13. Nxe6 fxe6 14. Nd2 O-O 15.
Be2 Kh8 16. g4 d5 17. c5 c6 18. a5 Nd7 19. Nf3 Bf6 20. Rd1 e5 21. h4 Qc7 22. g5
Be7 23. gxh6 gxh6 24. h5 Qd8 25. Qb2 Bf6 26. Kd2 e4 27. Qc2 exf3 28. Bxf3 Bc3+
29. Qxc3+ Qf6 30. Qxf6+ Rxf6 31. Rh3 Raf8 32. Ke2 Ne5 33. Bh1 Rxf2+ 34. Ke3
R2f4 35. d4 Ng4+ 36. Kd2 Nf2 37. Re3 Nxd1 38. Re7 Nf2 39. Bg2 Ne4+ 40. Kd3 R8f7
41. Re8+ Kg7 42. Bxe4 dxe4+ 43. Rxe4 Rxe4 44. Kxe4 Kf6 45. d5 cxd5+ 46. Kxd5
Kg5 47. Kd6 Rg7 48. c6 bxc6 49. Kxc6 Kxh5 50. b5 Rg6+ 51. Kc5 axb5 52. Kxb5 Kg5
53. a6 Rxa6 54. Kxa6 h5 55. Kb5 h4 56. Kc4 h3 57. Kd3 h2 58. Ke2 h1=Q 0-1

[Event "FICS rated blitz game"]
[Site "FICS freechess.org"]
[Date "2018.01.28"]
[Round "?"]
[White "morts"]
[Black "gincoolness"]
[Result "0-1"]
[WhiteElo "1198"]
[BlackElo "1296"]
[PlyCount "88"]
[EventDate "2018.??.??"]
[EventType "blitz"]

1. e4 e5 2. Nf3 Nc6 3. c3 Nf6 4. d3 Be7 5. Nbd2 d6 6. g3 h6 7. Bg2 O-O 8. O-O
Bg4 9. h3 Bxf3 10. Nxf3 Nh7 11. h4 f5 12. exf5 Rxf5 13. Bh3 Rf8 14. d4 e4 15.
Nd2 d5 16. c4 Nb4 17. cxd5 Qxd5 18. Bg2 Qxd4 19. Qg4 c6 20. Nxe4 Nd3 21. Nf6+
Qxf6 22. Be3 Ne5 23. Qe4 Rae8 24. Qa4 Nf3+ 25. Kh1 a6 26. Bd4 Nxd4 27. Rad1 Nb5
28. Qb3+ Qf7 29. Qc2 Rd8 30. a4 Rxd1 31. Rxd1 Qxf2 32. Qc4+ Qf7 33. Qg4 Nf6 34.
Qf3 Rd8 35. axb5 Rxd1+ 36. Qxd1 axb5 37. Qf3 Nd5 38. Qg4 Ne3 39. Qc8+ Kh7 40.
Be4+ g6 41. Qxb7 Qf1+ 42. Kh2 Qf2+ 43. Kh3 Qf1+ 44. Kh2 Ng4# {White checkmated}
0-1

[Event "FICS rated blitz game"]
[Site "FICS freechess.org"]
[Date "2018.01.28"]
[Round "?"]
[White "BiH"]
[Black "Forta"]
[Result "1-0"]
[WhiteElo "1573"]
[BlackElo "1611"]
[PlyCount "45"]
[EventDate "2018.??.??"]
[EventType "blitz"]

1. e4 e5 2. Nf3 Nc6 3. c3 Nf6 4. d4 Nxe4 5. d5 Nb8 6. Nxe5 Bd6 7. Nd3 O-O 8.
Be3 Re8 9. Be2 c6 10. c4 cxd5 11. cxd5 Qa5+ 12. Nc3 Nxc3 13. bxc3 Qxc3+ 14. Bd2
Qd4 15. O-O Qxd5 16. Re1 Nc6 17. Bf1 Rxe1 18. Qxe1 Qh5 19. Qe8+ Bf8 20. Nf4 Qe5
21. Bc4 Qxa1+ 22. Be1 Qe5 23. Qxf7+ {Black resigns} 1-0

[Event "FICS rated blitz game"]
[Site "FICS freechess.org"]
[Date "2018.01.28"]
[Round "?"]
[White "BiH"]
[Black "Forta"]
[Result "0-1"]
[WhiteElo "1574"]
[BlackElo "1610"]
[PlyCount "78"]
[EventDate "2018.??.??"]
[EventType "blitz"]

1. e4 e5 2. Nf3 Nc6 3. c3 d5 4. Qa4 Bd7 5. exd5 Nd4 6. Qd1 Nxf3+ 7. Qxf3 f5 8.
d3 Nf6 9. Bg5 Be7 10. Nd2 Nxd5 11. Qxd5 Bxg5 12. Qxe5+ Kf7 13. Qd5+ Kg6 14. Nf3
Qe7+ 15. Ne5+ Kh6 16. Be2 Be6 17. Qf3 g6 18. d4 Kg7 19. b3 c6 20. g3 Bd5 21.
Qd3 Bxh1 22. f4 Be4 23. Qe3 Bf6 24. O-O-O Bxe5 25. fxe5 Qa3+ 26. Kd2 Qxa2+ 27.
Ke1 Qxb3 28. Rc1 Rhe8 29. Qg5 Qe6 30. h4 h6 31. Qf4 Rf8 32. Kd2 c5 33. Ke1 Rac8
34. Rd1 Rfd8 35. g4 cxd4 36. cxd4 Rc3 37. Kf1 Rf8 38. g5 h5 39. Ra1 a6 0-1

[Event "FICS rated standard game"]
[Site "FICS freechess.org"]
[Date "2018.01.28"]
[Round "?"]
[White "mesli"]
[Black "Kartteekeya"]
[Result "1-0"]
[WhiteElo "1731"]
[BlackElo "1377"]
[PlyCount "39"]
[EventDate "2018.??.??"]

1. e4 e5 2. Nf3 Nc6 3. c3 Bc5 4. d4 exd4 5. cxd4 Bb4+ 6. Nc3 Bxc3+ 7. bxc3 Nf6
8. Bd3 d5 9. e5 Nd7 10. Ba3 f6 11. Bb5 Ndb8 12. O-O fxe5 13. Nxe5 Qf6 14. Re1
Kd8 15. Nxc6+ Nxc6 16. Bxc6 Qxc6 17. Be7+ Kd7 18. Qg4+ Ke8 19. Bf6+ Kf7 20.
Qxg7# {Black checkmated} 1-0

[Event "FICS rated blitz game"]
[Site "FICS freechess.org"]
[Date "2018.01.28"]
[Round "?"]
[White "proximab"]
[Black "Geforce"]
[Result "0-1"]
[WhiteElo "2077"]
[BlackElo "2064"]
[PlyCount "48"]
[EventDate "2018.??.??"]
[EventType "blitz"]

1. e4 e5 2. Nf3 Nc6 3. c3 Nf6 4. d4 d6 5. d5 Ne7 6. Bg5 Neg8 7. Bb5+ Bd7 8. Qb3
Rb8 9. Bd3 Be7 10. Be3 b6 11. h3 h5 12. O-O Nh6 13. Qc2 Nhg4 14. hxg4 hxg4 15.
Nfd2 Nh5 16. Nc4 Bg5 17. g3 Nf4 18. gxf4 exf4 19. Bd4 f3 20. Bxg7 Bf4 21. Bxh8
Qh4 22. Nxd6+ cxd6 23. Rd1 Qh2+ 24. Kf1 Qh1# {White checkmated} 0-1

[Event "FICS rated standard game"]
[Site "FICS freechess.org"]
[Date "2018.01.28"]
[Round "?"]
[White "Nidifugous"]
[Black "hamzakheyl"]
[Result "1-0"]
[WhiteElo "1538"]
[BlackElo "1492"]
[PlyCount "47"]
[EventDate "2018.??.??"]

1. e4 e5 2. Nf3 Nc6 3. c3 Bc5 4. Qb3 Bb6 5. Bc4 Nh6 6. d4 Na5 7. Qb4 Nxc4 8.
Qxc4 Ng4 9. Nxe5 Nxe5 10. dxe5 O-O 11. f3 Qh4+ 12. g3 Qh5 13. Nd2 Qxe5 14. b3
d6 15. Ba3 Be6 16. Qd3 f5 17. O-O-O fxe4 18. Nxe4 Kh8 19. Rhe1 Qa5 20. Kb2 Bf5
21. g4 Bxe4 22. Qxe4 h6 23. Rd5 Bc5 24. b4 {Black resigns} 1-0

[Event "FICS rated lightning game"]
[Site "FICS freechess.org"]
[Date "2018.01.28"]
[Round "?"]
[White "Sasha"]
[Black "gojets"]
[Result "1-0"]
[WhiteElo "1572"]
[BlackElo "1475"]
[PlyCount "65"]
[EventDate "2018.??.??"]

1. e4 e5 2. Nf3 Nc6 3. c3 d6 4. d4 exd4 5. cxd4 Nf6 6. Bd3 Be7 7. Be3 O-O 8.
Nbd2 Nb4 9. Bc4 a6 10. a3 Nc6 11. O-O b5 12. Bd3 Na5 13. h3 Bb7 14. Rc1 c5 15.
d5 Bc8 16. Bb1 Nb7 17. Qc2 g6 18. Qc3 a5 19. Bh6 Re8 20. Bg5 b4 21. axb4 axb4
22. Qe3 Nxe4 23. Bxe7 Qxe7 24. Bxe4 Na5 25. Rfe1 Qf6 26. Qg5 Qxb2 27. Qh6 Qxd2
28. Nxd2 Nc4 29. Nxc4 Rxe4 30. Rxe4 Bf5 31. Re7 Rf8 32. Nxd6 b3 33. Nxf5 1-0